Veroír el fracaso iluminado (Record no. 1910)
[ view plain ]
| 000 -LEADER | |
|---|---|
| campo de control de longitud fija | 01314nam a22001817a 4500 |
| 005 - FECHA Y HORA DE LA ÚLTIMA TRANSACCIÓN | |
| campo de control | 20220623214607.0 |
| 008 - DATOS DE LONGITUD FIJA--INFORMACIÓN GENERAL | |
| campo de control de longitud fija | 220623b |||||||| |||| 00| 0 eng d |
| 020 ## - NÚMERO INTERNACIONAL ESTÁNDAR DEL LIBRO | |
| Número Internacional Estándar del Libro | 9788417975258 |
| 040 ## - FUENTE DE CATALOGACIÓN | |
| Centro/agencia transcriptor | Biblioteca Lado V |
| 082 ## - NÚMERO DE LA CLASIFICACIÓN DECIMAL DEWEY | |
| Número de clasificación | 709.2 |
| Número de ítem | L864c |
| 100 ## - ENTRADA PRINCIPAL--NOMBRE DE PERSONA | |
| Nombre de persona | López, Miguel A. (edición) |
| 245 ## - MENCIÓN DEL TÍTULO | |
| Título | Veroír el fracaso iluminado |
| 260 ## - PUBLICACIÓN, DISTRIBUCIÓN, ETC. | |
| Lugar de publicación, distribución, etc. | México |
| Nombre del editor, distribuidor, etc. | Museo de Arte Contemporáneo, UNAM |
| Fecha de publicación, distribución, etc. | 2020 |
| 300 ## - DESCRIPCIÓN FÍSICA | |
| Extensión | 216 p. |
| Otras características físicas | il. (col) |
| Dimensiones | 22 x 16,5 cm |
| 505 ## - NOTA DE CONTENIDO CON FORMATO | |
| Título | Cecilia Vicuña: una retrospectiva para los ojos que no ven / Cecilia Vicuña: A Retrospective for Eyes That Do Not See |
| Mención de responsabilidad | Miguel A. López |
| Título | Hilando la hebra común / Spinning the Common Thread |
| Mención de responsabilidad | Lucy R. Lippard |
| Título | Un sentimiento transnacional: Cecilia Vicuña en diálogo con Valerie Fraser / A Transnational Feeling: Cecilia Vicuña in Dialogue with Valerie Fraser |
| Mención de responsabilidad | Valerie Fraser |
| -- | Cecilia Vicuña |
| Título | Sobre mi relación con Leonora / On My Relation to Leonora |
| Mención de responsabilidad | Cecilia Vicuña |
| Título | El sabor a mi de Beau Geste Press / Beau Geste Press`s Sabor a mí |
| Mención de responsabilidad | Cecilia Vicuña |
| Título | Semblanza / Biographical Sketch |
| -- | Catálogo / Catalogue |
| -- | Créditos / Credits |
| 650 ## - PUNTO DE ACCESO ADICIONAL DE MATERIA--TÉRMINO DE MATERIA | |
| Subdivisión general | arte contemporáneo |
| -- | arte - exhibiciones |
| -- | arte - biografía |
| -- | Vicuña, Cecilia |
| -- | artista - Chile |
| -- | Vicuña, Cecilia - poeta |
| -- | Vicuña, Cecilia - activista |
| -- | Vicuña, Cecilia - artista visual |
| 942 ## - ELEMENTOS DE ENTRADA SECUNDARIOS (KOHA) | |
| Fuente del sistema de clasificación o colocación | Clasificación Decimal Dewey |
| Tipo de ítem Koha | Libros |
| Suprimir en OPAC | No |
| Estatus retirado | Estado de pérdida | Fuente del sistema de clasificación o colocación | Estado de daño | No para préstamo | Biblioteca de origen | Biblioteca actual | Fecha de adquisición | Total de préstamos | Signatura topográfica completa | Código de barras | Visto por última vez | Precio de reemplazo | Tipo de ítem Koha |
|---|---|---|---|---|---|---|---|---|---|---|---|---|---|
| Clasificación Decimal Dewey | Biblioteca LadoV | Biblioteca LadoV | 23/06/2022 | 709.2 L864c | 004911 | 23/06/2022 | 23/06/2022 | Libros |
